000 00695nam a22001817a 4500
999 _c14993
_d14993
003 OSt
082 _2631.56 LAK/DE
088 _aP 246
100 _alAKSHMI E. JAYACHANDRAN
_aNEETHISH VARGHESE
_93873
245 _aDevelopment of Intermediate moisture product from wild FIG
260 _aTavanur 2012
_bDepartment of Post Harvest Technology Technol ogy and Agricultural Processing
300 _a40
500 _aDevelopment of Intermediate moisture product from wild FIG
520 _aDevelopment of Intermediate moisture product from wild FIG
700 _aDr. Santhi Mary Mathew (Guide)
_93359
856 _uhttps://drive.google.com/open?id=1E6bNmkfB6SrYu-FQUmpgZ5DM2jL20siB
942 _cPR